000 01926nam0a2200349 4500
001 RU\NLR\BIBL_A\022362224
005 20251031165253.0
010 _a978-5-9228-2809-3
_9350
021 _aRU
_bКН-П-24-053866
_9КН-П-24-5366
035 _a(NLR Aleph) 022362224
090 _a13261790
_c13261790
100 _a20241024d2024 k y0rusy50 ca
101 0 _arus
102 _aRU
105 _ay z 000yy
181 0 _ai
_bxxxe
182 0 _an
200 1 _aГенеалогия секулярного дискурса
_eмонография
_fВ. А. Щипков
_gФедеральное государственное автономное образовательное учреждение высшего образования "Московский государственный институт международных отношений (университет) Министерства иностранных дел Российской Федерации", Кафедра международной журналистики
203 _aТекст
_bвизуальный
_cнепосредственный
210 _aМосква
_cМГИМО-Университет
_d2024
215 _a755 с.
_d25
300 _aНа задней сторонке пер. авт.: В. А. Щипков, д-р филос. наук, доц., проф.
320 _aБиблиогр.: с. 698–751 (556 назв.) и в подстроч. примеч.
606 1 _aСекуляризация общества
_xФилософские вопросы
_92172104
_3RU\NLR\AUTH\661306546
686 1 _aЭ211.00
686 1 _aЭ210.0
686 1 _aС550.56
700 1 _7ca
_8rus
_aЩипков
_bВ. А.
_f1988-
_gВасилий Александрович
_92684272
_3RU\NLR\AUTH\770286162
942 _cBOOK
980 _aNB